Advancing medicine with food and nutrients / (Record no. 33613)
[ view plain ]
| 000 -LEADER | |
|---|---|
| fixed length control field | 01973cam a2200409 i 4500 |
| 001 - CONTROL NUMBER | |
| control field | 17557440 |
| 003 - CONTROL NUMBER IDENTIFIER | |
| control field | JO-AjAnu |
| 005 - DATE AND TIME OF LATEST TRANSACTION | |
| control field | 20240805111513.0 |
| 008 - FIXED-LENGTH DATA ELEMENTS--GENERAL INFORMATION | |
| fixed length control field | 121210s2013 flua b 001 0 eng |
| 010 ## - LIBRARY OF CONGRESS CONTROL NUMBER | |
| LC control number | 2012043359 |
| 020 ## - INTERNATIONAL STANDARD BOOK NUMBER | |
| International Standard Book Number | 9781439887721 (Hardback : acidfree paper) |
| 040 ## - CATALOGING SOURCE | |
| Original cataloging agency | DLC |
| Language of cataloging | eng |
| Transcribing agency | DLC |
| Description conventions | rda |
| Modifying agency | DLC |
| -- | JO-AjAnu |
| 042 ## - AUTHENTICATION CODE | |
| Authentication code | pcc |
| 050 00 - LIBRARY OF CONGRESS CALL NUMBER | |
| Classification number | RM216 |
| Item number | .F677 2013 |
| 082 00 - DEWEY DECIMAL CLASSIFICATION NUMBER | |
| Classification number | 615.8/54 |
| Edition number | 23 |
| 084 ## - OTHER CLASSIFICATION NUMBER | |
| Classification number | MED004000 |
| -- | MED045000 |
| -- | MED060000 |
| Number source | bisacsh |
| 130 0# - MAIN ENTRY--UNIFORM TITLE | |
| Uniform title | Food and nutrients in disease management. |
| 245 10 - TITLE STATEMENT | |
| Title | Advancing medicine with food and nutrients / |
| Statement of responsibility, etc. | edited by Ingrid Kohlstadt. |
| 250 ## - EDITION STATEMENT | |
| Edition statement | Second edition. |
| 264 #1 - PRODUCTION, PUBLICATION, DISTRIBUTION, MANUFACTURE, AND COPYRIGHT NOTICE | |
| Place of production, publication, distribution, manufacture | Boca Raton : |
| Name of producer, publisher, distributor, manufacturer | CRC Press, Taylor & Francis Group, |
| Date of production, publication, distribution, manufacture, or copyright notice | [2013] |
| 300 ## - PHYSICAL DESCRIPTION | |
| Extent | xxii, 888 pages : |
| Other physical details | illustrations ; |
| Dimensions | 26 cm |
| 336 ## - CONTENT TYPE | |
| Content type term | text |
| Source | rdacontent |
| 337 ## - MEDIA TYPE | |
| Media type term | unmediated |
| Source | rdamedia |
| 338 ## - CARRIER TYPE | |
| Carrier type term | volume |
| Source | rdacarrier |
| 504 ## - BIBLIOGRAPHY, ETC. NOTE | |
| Bibliography, etc. note | Includes bibliographical references and index. |
| 520 ## - SUMMARY, ETC. | |
| Summary, etc. | "This book features chapters leading physicians in disease management applying the latest scientific advances linking nutrition to the clinical practice of medicine. Each chapter offers adjuncts to standard care, fewer side-effects, improved risk-reduction or added quality of life"-- |
| Assigning source | Provided by publisher. |
| 650 #0 - SUBJECT ADDED ENTRY--TOPICAL TERM | |
| Topical term or geographic name entry element | Diet therapy. |
| 650 #7 - SUBJECT ADDED ENTRY--TOPICAL TERM | |
| Topical term or geographic name entry element | MEDICAL / Alternative Medicine. |
| Source of heading or term | bisacsh |
| 650 #7 - SUBJECT ADDED ENTRY--TOPICAL TERM | |
| Topical term or geographic name entry element | MEDICAL / Internal Medicine. |
| Source of heading or term | bisacsh |
| 650 #7 - SUBJECT ADDED ENTRY--TOPICAL TERM | |
| Topical term or geographic name entry element | MEDICAL / Nutrition. |
| Source of heading or term | bisacsh |
| 700 1# - ADDED ENTRY--PERSONAL NAME | |
| Personal name | Kohlstadt, Ingrid, |
| Relator term | editor of compilation. |
| 775 08 - OTHER EDITION ENTRY | |
| Relationship information | Revision of: |
| Title | Food and nutrients in disease management |
| Place, publisher, and date of publication | Boca Raton : CRC Press, c2009 |
| Record control number | (DLC) 2008035787 |
| 856 42 - ELECTRONIC LOCATION AND ACCESS | |
| Materials specified | Cover image |
| Uniform Resource Identifier | <a href="http://jacketsearch.tandf.co.uk/common/jackets/covers/websmall/978143988/9781439887721.jpg">http://jacketsearch.tandf.co.uk/common/jackets/covers/websmall/978143988/9781439887721.jpg</a> |
| 906 ## - LOCAL DATA ELEMENT F, LDF (RLIN) | |
| a | 7 |
| b | cbc |
| c | orignew |
| d | 1 |
| e | ecip |
| f | 20 |
| g | y-gencatlg |
| 942 ## - ADDED ENTRY ELEMENTS (KOHA) | |
| Source of classification or shelving scheme | Library of Congress Classification |
| Koha item type | Books |
| Suppress in OPAC | No |
| Withdrawn status | Lost status | Source of classification or shelving scheme | Damaged status | Not for loan | Home library | Current library | Date acquired | Total Checkouts | Full call number | Barcode | Date last seen | Price effective from | Koha item type |
|---|---|---|---|---|---|---|---|---|---|---|---|---|---|
| Library of Congress Classification | مكتبة جامعة عجلون الوطنية | مكتبة جامعة عجلون الوطنية | 05/08/2024 | RM216.F677 2013 | e3818 | 05/08/2024 | 05/08/2024 | Books | |||||
| Library of Congress Classification | مكتبة جامعة عجلون الوطنية | مكتبة جامعة عجلون الوطنية | 05/08/2024 | RM216.F677 2013 | e3817 | 05/08/2024 | 05/08/2024 | Books |